[Event "XXXI Coppa d'Oro"]
[Site "Villa Guardia ITA"]
[Date "2013.11.02"]
[Round "4"]
[White "Cairoli, Fabio"]
[Black "Lipari, Alberto"]
[WhiteElo "1383"]
[BlackElo "1531"]
[Result "0-1"]
[PlyCount "74"]
[EventDate "2013.11.01"]

1. d4 g6 2. Nf3 Bg7 3. Bg5 d6 4. e3 Nf6 5. Bd3 Nc6 6. O-O e5 7. c4 h6 8. Bxf6
Qxf6 9. dxe5 dxe5 10. e4 O-O 11. Nc3 Nd4 12. Nxd4 exd4 13. Nd5 Qd6 14. Qd2 c6
15. Nf4 Be5 16. g3 Kh7 17. Ne2 f5 18. exf5 Bxf5 19. Bxf5 Rxf5 20. f4 Bg7 21. b4
d3 22. Nc3 Qd4+ 23. Kg2 Qxc3 24. Qxc3 Bxc3 25. Rab1 b5 26. c5 a5 27. a3 axb4
28. axb4 Ra4 29. Rf3 Rd5 30. Rd1 Bxb4 31. Rfxd3 Ra2+ 32. Kh3 Rd2 33. Rxd5 Rxd5
34. Rxd5 cxd5 35. c6 Ba5 36. Kg4 b4 37. f5 gxf5+ 0-1

[Event "XXXI Coppa d'Oro"]
[Site "Villa Guardia ITA"]
[Date "2013.11.02"]
[Round "4"]
[White "Corti, Filippo"]
[Black "Paniga, Danilo"]
[WhiteElo "1607"]
[BlackElo "1820"]
[Result "0-1"]
[PlyCount "62"]
[EventDate "2013.11.01"]

1. e4 d6 2. g3 Nf6 3. Bg2 c6 4. Nc3 e5 5. Nge2 Be7 6. O-O b5 7. d4 a6 8. dxe5
dxe5 9. Qxd8+ Kxd8 10. Be3 Kc7 11. Rad1 Be6 12. h3 Nbd7 13. f4 exf4 14. Bxf4+
Kb6 15. Kh2 Nh5 16. Be3+ Bc5 17. Bxc5+ Nxc5 18. b3 b4 19. Nb1 Rad8 20. Nf4 Nxf4
21. gxf4 f6 22. Rde1 Rd6 23. e5 fxe5 24. fxe5 Rd7 25. Rf4 a5 26. Ref1 Rhd8 27.
h4 Rd4 28. Rxd4 Rxd4 29. Kg1 Rxh4 30. Rd1 Rg4 31. Rd6 Bd5 0-1

[Event "XXXI Coppa d'Oro"]
[Site "Villa Guardia ITA"]
[Date "2013.11.02"]
[Round "4"]
[White "Ghelfi, Giancarlo"]
[Black "Revinelli, Sergio"]
[WhiteElo "1618"]
[BlackElo "1818"]
[Result "0-1"]
[PlyCount "85"]
[EventDate "2013.11.01"]

1. e4 e5 2. Nf3 Nc6 3. Bb5 f5 4. Nc3 fxe4 5. Nxe4 d5 6. Nxe5 dxe4 7. Nxc6 Qg5
8. Qe2 Nf6 9. f4 Qxf4 10. d4 Qh4+ 11. g3 Qh3 12. Ne5+ c6 13. Bc4 Be6 14. Bg5
Bd6 15. Bxe6 Qxe6 16. Bxf6 gxf6 17. Qh5+ Ke7 18. Ng4 Rag8 19. Ne3 Kd7 20. d5
cxd5 21. Qxd5 Qxd5 22. Nxd5 Ke6 23. O-O-O f5 24. Rhf1 Rg4 25. Ne3 Rg5 26. Rd5
Be5 27. Rb5 b6 28. Nc4 Bc7 29. Ne3 Rhg8 30. g4 Bxh2 31. gxf5+ Kd6 32. c4 Rg1
33. Rd5+ Ke7 34. Kc2 Rxf1 35. Nxf1 Bf4 36. b4 Rg7 37. Rd4 Rg2+ 38. Kb3 Re2 39.
Kc3 Be5 40. a4 Rf2 41. Ne3 Rf3 42. Kd2 Bxd4 43. Nd5+ 0-1

[Event "XXXI Coppa d'Oro"]
[Site "Villa Guardia ITA"]
[Date "2013.11.02"]
[Round "4"]
[White "Guzzetti, Luigi Enrico"]
[Black "Veri', Giustino"]
[WhiteElo "1887"]
[BlackElo "1713"]
[Result "1/2-1/2"]
[PlyCount "72"]
[EventDate "2013.11.01"]

1. e4 c6 2. Nf3 d5 3. exd5 cxd5 4. d4 Bg4 5. Be2 Nc6 6. O-O e6 7. Re1 Nf6 8. h3
Bh5 9. c3 Bg6 10. Ne5 Nxe5 11. dxe5 Nd7 12. Bd3 Bxd3 13. Qxd3 Qc7 14. Bf4 g6
15. Nd2 Bg7 16. Qe2 O-O 17. Rac1 b5 18. b3 Qb7 19. c4 bxc4 20. bxc4 Rac8 21.
cxd5 Qxd5 22. Nc4 Qb5 23. Nd6 Qxe2 24. Rxe2 Rxc1+ 25. Bxc1 Bxe5 26. Ba3 Bxd6
27. Bxd6 Rd8 28. Be7 Re8 29. Bd6 Nb6 30. g4 Nd5 31. Kg2 Rd8 32. Bg3 Kf8 33. Rb2
Ke8 34. Rb7 Rd7 35. Rb8+ Rd8 36. Rb7 Rd7 1/2-1/2

[Event "XXXI Coppa d'Oro"]
[Site "Villa Guardia ITA"]
[Date "2013.11.02"]
[Round "4"]
[White "Marcantognini, Denis"]
[Black "Mason, Giovanni"]
[WhiteElo "1455"]
[BlackElo "1580"]
[Result "0-1"]
[PlyCount "73"]
[EventDate "2013.11.01"]

1. c4 b6 2. Nc3 e6 3. d4 Bb4 4. Bd2 Bxc3 5. Bxc3 d5 6. e3 Nf6 7. Nf3 O-O 8. Bd3
dxc4 9. Bxc4 Bb7 10. O-O a5 11. a4 Ne4 12. Bd3 Nd7 13. Qc2 f5 14. Rfe1 Ng5 15.
Nxg5 Qxg5 16. e4 Nf6 17. Bd2 Qg6 18. f3 fxe4 19. Bxe4 Nxe4 20. fxe4 Rf7 21. Re3
Raf8 22. Rae1 Rf2 23. Rg3 Qf7 24. Qd3 Bxe4 25. Qc4 Bd5 26. Qc1 Bb7 27. Bh6
Rxg2+ 28. Rxg2 Bxg2 29. Kxg2 Qf3+ 30. Kg1 gxh6 31. Qxc7 Qf2+ 32. Kh1 Qxe1+ 33.
Kg2 Qf1+ 34. Kg3 Qf3+ 35. Kh4 Rf4+ 36. Qxf4 Qxf4+ 37. Kh5 0-1

[Event "XXXI Coppa d'Oro"]
[Site "Villa Guardia ITA"]
[Date "2013.11.02"]
[Round "4"]
[White "Nipote, Mario"]
[Black "Piccapietra, Matteo"]
[WhiteElo "1510"]
[BlackElo "1422"]
[Result "0-1"]
[PlyCount "106"]
[EventDate "2013.11.01"]

1. d4 Nf6 2. Nf3 g6 3. g3 Bg7 4. Bg2 O-O 5. O-O d6 6. c4 e5 7. Nc3 Nbd7 8. Qc2
exd4 9. Nxd4 Ne5 10. b3 c6 11. Ba3 Re8 12. e3 Be6 13. Rad1 Bf8 14. h3 Qc8 15.
Nxe6 Rxe6 16. h4 Qc7 17. Rd2 Ree8 18. Rfd1 Rad8 19. Bb2 Neg4 20. Bf3 Qe7 21.
Re2 Bh6 22. Rd3 Ne5 23. Kg2 Nxd3 24. Qxd3 Bg7 25. Nd1 d5 26. cxd5 cxd5 27. Qd4
b6 28. Rc2 Qe6 29. g4 Rc8 30. Rxc8 Rxc8 31. g5 Ne8 32. Qd2 Bxb2 33. Nxb2 Nc7
34. Qb4 Rd8 35. Qa4 a5 36. Qd4 Nb5 37. Qd3 Nc7 38. Qd4 b5 39. Qa7 Na6 40. Qd4
Nb4 41. Qc5 Qc6 42. Qe7 Qd6 43. Qxd6 Rxd6 44. a3 Nc2 45. a4 bxa4 46. Nxa4 d4
47. exd4 Rxd4 48. Nc5 Rd2 49. Ne4 Rd3 50. Nc5 Rc3 51. Nb7 Rxb3 52. Nxa5 Rd3 53.
Nc4 Ne1+ 0-1

[Event "XXXI Coppa d'Oro"]
[Site "Villa Guardia ITA"]
[Date "2013.11.02"]
[Round "4"]
[White "Poletto, Daniele"]
[Black "Tavasci, Alfio"]
[WhiteElo "1745"]
[BlackElo "1589"]
[Result "1/2-1/2"]
[PlyCount "74"]
[EventDate "2013.11.01"]

1. c4 e5 2. Nc3 Nc6 3. g3 f5 4. Bg2 Nf6 5. d3 Be7 6. e4 d6 7. Nge2 fxe4 8. dxe4
Bg4 9. f3 Be6 10. Nd5 Qd7 11. O-O O-O-O 12. Be3 Kb8 13. a3 Bxd5 14. cxd5 Na5
15. Qd3 b6 16. b4 Nb7 17. a4 a5 18. bxa5 Nxa5 19. Bd2 Nb7 20. Bb4 Nc5 21. Bxc5
dxc5 22. Rfb1 Kb7 23. a5 Ra8 24. a6+ Ka7 25. Qc4 Ne8 26. Nc3 Nd6 27. Qf1 Bg5
28. Bh3 Qe8 29. Nb5+ Nxb5 30. Rxb5 Be3+ 31. Kh1 Rf8 32. Rb3 Bd4 33. Ra2 g5 34.
Bf5 h5 35. Qb5 Rd8 36. Qxe8 Rfxe8 37. Kg2 Rd6 1/2-1/2

[Event "XXXI Coppa d'Oro"]
[Site "Villa Guardia ITA"]
[Date "2013.11.02"]
[Round "4"]
[White "Puppi, Simone"]
[Black "Carbone, Lorenzo"]
[WhiteElo "1556"]
[BlackElo "1541"]
[Result "0-1"]
[PlyCount "111"]
[EventDate "2013.11.01"]

1. e4 c5 2. Nc3 Nc6 3. g3 Nf6 4. Bg2 e6 5. f4 d5 6. e5 Ng8 7. d3 Nge7 8. Nf3
Nf5 9. O-O Be7 10. Ne2 Bd7 11. c3 Rb8 12. g4 Nh6 13. h3 b5 14. d4 b4 15. Be3
bxc3 16. bxc3 c4 17. Ng3 f6 18. exf6 gxf6 19. f5 Nf7 20. fxe6 Bxe6 21. Bf4 Rb6
22. Re1 Qd7 23. Rb1 O-O 24. Rxb6 axb6 25. Re2 Bxg4 26. hxg4 Qxg4 27. Qd2 Bd6
28. Bxd6 Nxd6 29. Kf2 Kh8 30. Nh2 Qh4 31. Bxd5 Qxh2+ 32. Kf3 Nxd4+ 33. Qxd4 Qh6
34. Qf4 Qxf4+ 35. Kxf4 b5 36. Re6 Ne8 37. Rb6 Nc7 38. Bc6 Rd8 39. Bxb5 Nd5+ 40.
Kf5 Nxb6 41. Kxf6 Rb8 42. a4 Nd5+ 43. Ke5 Nxc3 44. Bxc4 Nxa4 45. Kf6 Nb6 46.
Be6 Rf8+ 47. Ke7 Rf3 48. Ne4 Kg7 49. Nd6 Rf1 50. Nf5+ Kg6 51. Nh4+ Kg5 52. Ng2
h5 53. Ne3 Re1 54. Ng2 Re2 55. Nh4 Kxh4 56. Kf6 0-1

[Event "XXXI Coppa d'Oro"]
[Site "Villa Guardia ITA"]
[Date "2013.11.02"]
[Round "4"]
[White "Raineri, Valerio"]
[Black "Cairoli, Camillo"]
[WhiteElo "2109"]
[BlackElo "1937"]
[Result "1-0"]
[PlyCount "75"]
[EventDate "2013.11.01"]

1. e4 c5 2. Nf3 d6 3. d4 cxd4 4. Nxd4 Nf6 5. Nc3 g6 6. Be3 Bg7 7. f3 Nc6 8. Qd2
O-O 9. Bc4 a6 10. O-O-O Qc7 11. Bb3 Bd7 12. g4 Nxd4 13. Bxd4 Be6 14. h4 b5 15.
h5 Bxb3 16. axb3 e5 17. Be3 b4 18. Na4 Rac8 19. Nb6 Rcd8 20. Qxb4 d5 21. h6 Bh8
22. exd5 e4 23. d6 Qc6 24. g5 exf3 25. gxf6 Bxf6 26. Qc5 Qe4 27. Nd5 Be5 28.
Ne7+ Kh8 29. Nc6 Bxd6 30. Qd4+ Qxd4 31. Bxd4+ Kg8 32. Nxd8 Bf4+ 33. Kb1 Rxd8
34. Bf6 Rxd1+ 35. Rxd1 Bxh6 36. c4 g5 37. c5 Bf8 38. c6 1-0

[Event "XXXI Coppa d'Oro"]
[Site "Villa Guardia ITA"]
[Date "2013.11.02"]
[Round "4"]
[White "Ronconi, Fausto"]
[Black "Bernasconi, Roberto"]
[WhiteElo "1678"]
[BlackElo "1939"]
[Result "0-1"]
[PlyCount "106"]
[EventDate "2013.11.01"]

1. d4 d5 2. c4 dxc4 3. Nc3 e5 4. e3 exd4 5. Qxd4 Qxd4 6. exd4 c6 7. Bxc4 Nf6 8.
Nf3 Bd6 9. O-O O-O 10. Bg5 Nbd7 11. d5 Nb6 12. Bb3 Nfxd5 13. Nxd5 Nxd5 14. Rad1
Be6 15. Nd4 Bb4 16. Nxe6 fxe6 17. Rd3 Bc5 18. Be3 Bxe3 19. Bxd5 Bxf2+ 20. Rxf2
exd5 21. Rc2 Rae8 22. Rd1 Re4 23. a3 a5 24. Rb1 Rf6 25. b4 axb4 26. axb4 Kf7
27. g3 Rfe6 28. Kf1 g6 29. b5 Rd6 30. bxc6 bxc6 31. Rb7+ Re7 32. Rb6 Rc7 33.
Ke2 Ke6 34. Kd3 c5 35. Rb1 Ra6 36. Rf1 Ra3+ 37. Kd2 c4 38. Rf8 Rf7 39. Re8+ Kd6
40. Re2 Rff3 41. Rg2 Kc5 42. Ke2 d4 43. Rb2 Rfb3 44. Rd2 c3 45. Rc2 Kc4 46. Kf3
d3 47. Rc1 Kd4 48. Rd1 Rb2 49. Rxb2 cxb2 50. Rb1 Kc3 51. Ke3 Ra1 52. Rxb2 Kxb2
53. Kxd3 Rh1 0-1

[Event "XXXI Coppa d'Oro"]
[Site "Villa Guardia ITA"]
[Date "2013.11.02"]
[Round "4"]
[White "Rossi, Giampiero"]
[Black "Gonella, Daniele"]
[WhiteElo "1905"]
[BlackElo "2142"]
[Result "0-1"]
[PlyCount "58"]
[EventDate "2013.11.01"]

1. d4 Nf6 2. c4 g6 3. g3 Bg7 4. Bg2 d5 5. cxd5 Nxd5 6. e4 Nb6 7. Ne2 O-O 8.
Nbc3 Nc6 9. d5 Nb8 10. O-O e6 11. b3 exd5 12. exd5 Bg4 13. f3 Bf5 14. g4 Bd7
15. Bf4 Na6 16. Rc1 Re8 17. Re1 Qe7 18. Qd2 Qb4 19. Bg3 Rad8 20. Bf2 Bc6 21.
Bxb6 axb6 22. f4 Nc5 23. Qc2 Bd7 24. h3 Re3 25. Rcd1 Rde8 26. Rd2 Bb5 27. Nxb5
Qxb5 28. Nc3 Rxc3 29. Qxc3 Bxc3 0-1

[Event "XXXI Coppa d'Oro"]
[Site "Villa Guardia ITA"]
[Date "2013.11.02"]
[Round "4"]
[White "Squillante, Michele"]
[Black "Cervini, Gian Piero"]
[WhiteElo "1715"]
[BlackElo "1828"]
[Result "0-1"]
[PlyCount "68"]
[EventDate "2013.11.01"]

1. d4 Nf6 2. Nf3 g6 3. Bg5 Bg7 4. Nbd2 d6 5. e4 O-O 6. c3 c5 7. Bd3 Nc6 8. O-O
cxd4 9. cxd4 Qb6 10. Nc4 Qd8 11. Rc1 h6 12. Be3 Nxe4 13. d5 Nxf2 14. Bxf2 Nb4
15. Bb1 b5 16. a3 Na6 17. Ne3 Bxb2 18. Rc2 Bxa3 19. Nd4 Bd7 20. Nc6 Bxc6 21.
dxc6 Rc8 22. Nd5 Bc5 23. Bxc5 Nxc5 24. Qe2 e6 25. Nf6+ Kg7 26. Qf3 Qb6 27. Rcf2
Qxc6 28. Qg3 Nd7 29. Nh5+ Kh8 30. Bxg6 Qc5 31. Kh1 fxg6 32. Qxg6 Qg5 33. Rxf8+
Rxf8 34. Qxg5 Rxf1# 0-1

[Event "XXXI Coppa d'Oro"]
[Site "Villa Guardia ITA"]
[Date "2013.11.02"]
[Round "4"]
[White "Zerboni, Giuseppe"]
[Black "Primerano, Carlo"]
[WhiteElo "1591"]
[BlackElo "1718"]
[Result "0-1"]
[PlyCount "120"]
[EventDate "2013.11.01"]

1. e4 c5 2. Nf3 e6 3. d4 cxd4 4. Nxd4 a6 5. Be3 Qc7 6. Nc3 Nc6 7. a3 Nf6 8. Be2
Be7 9. Qd2 Ne5 10. Rb1 d6 11. O-O O-O 12. h3 b5 13. b4 Bb7 14. f3 Rac8 15. Rb3
Nc4 16. Bxc4 Qxc4 17. Qd3 Qc7 18. f4 Qb8 19. Nde2 Qa8 20. Ng3 d5 21. e5 Ne4 22.
Bd4 Rc4 23. f5 Nxg3 24. Qxg3 exf5 25. Be3 g6 26. Rxf5 Bh4 27. Qf3 gxf5 28. Qxf5
Qc8 29. Qh5 Qc6 30. Bc5 Re8 31. Ne2 Qg6 32. Qxh4 Rxh4 33. Rg3 Qxg3 34. Nxg3
Rxe5 35. Bf2 Rc4 36. c3 Rxc3 37. Kh2 Rxa3 38. Bd4 Re1 39. Nf5 Rd3 40. Bc5 Bc8
41. Ne7+ Rxe7 42. Bxe7 Be6 43. Kg1 Kg7 44. Kf2 Kg6 45. Ke2 Rb3 46. Kf2 h5 47.
h4 Kf5 48. g3 Ke4 49. Bd6 d4 50. Ke2 Rb2+ 51. Kd1 Kd3 52. Kc1 Rg2 53. Bf4 Kc3
54. Kb1 Kxb4 55. Bd6+ Kb3 56. Kc1 d3 57. Bf4 a5 58. Kd1 Bg4+ 59. Kc1 Bf3 60.
Be3 a4 0-1

[Event "XXXI Coppa d'Oro"]
[Site "Villa Guardia ITA"]
[Date "2013.11.03"]
[Round "5"]
[White "Bernocchi, Luca"]
[Black "Cairoli, Fabio"]
[WhiteElo "1405"]
[BlackElo "1383"]
[Result "0-1"]
[PlyCount "58"]
[EventDate "2013.11.01"]

1. e4 e5 2. Nf3 Nc6 3. Bb5 a6 4. Ba4 Nf6 5. d3 b5 6. Bb3 Bc5 7. c3 Bb6 8. h3
O-O 9. Nbd2 d5 10. O-O Bb7 11. Re1 Re8 12. Nf1 dxe4 13. dxe4 Qxd1 14. Bxd1 Na5
15. Ng3 Nc4 16. Bc2 Rad8 17. Bg5 Nxb2 18. Nh5 Nxh5 19. Bxd8 Rxd8 20. Nxe5 Rd2
21. Bb3 Bxf2+ 22. Kf1 Bxe1 23. Rxe1 Nc4 24. Bxc4 bxc4 25. Nxc4 Rxa2 26. Rd1 g6
27. Rd8+ Kg7 28. Nd2 Ng3+ 29. Ke1 Nxe4 0-1

[Event "XXXI Coppa d'Oro"]
[Site "Villa Guardia ITA"]
[Date "2013.11.03"]
[Round "5"]
[White "Cairoli, Camillo"]
[Black "Bernasconi, Roberto"]
[WhiteElo "1937"]
[BlackElo "1939"]
[Result "1/2-1/2"]
[PlyCount "43"]
[EventDate "2013.11.01"]

1. Nf3 d5 2. c4 e6 3. g3 Nf6 4. Bg2 Be7 5. Nc3 c6 6. d4 Nbd7 7. cxd5 cxd5 8.
O-O O-O 9. a3 a6 10. Re1 Re8 11. Bf4 Nf8 12. Ne5 Ng6 13. Nxg6 hxg6 14. e4 dxe4
15. Nxe4 Nd5 16. Bd2 Bd7 17. Nc3 Bc6 18. Qb3 Bf6 19. Nxd5 Bxd5 20. Bxd5 Qxd5
21. Qxd5 exd5 22. Bc3 1/2-1/2

[Event "XXXI Coppa d'Oro"]
[Site "Villa Guardia ITA"]
[Date "2013.11.03"]
[Round "5"]
[White "Cervini, Gian Piero"]
[Black "Revinelli, Sergio"]
[WhiteElo "1828"]
[BlackElo "1818"]
[Result "0-1"]
[PlyCount "72"]
[EventDate "2013.11.01"]

1. e4 e5 2. Nf3 Nc6 3. d4 exd4 4. Bc4 Nf6 5. O-O Nxe4 6. Re1 d5 7. Bxd5 Qxd5 8.
Nc3 Qa5 9. Nxe4 Be6 10. Bd2 Bb4 11. c3 dxc3 12. bxc3 Be7 13. Neg5 O-O 14. Nxe6
fxe6 15. Rxe6 Qd5 16. Qe2 Bf6 17. c4 Qd7 18. Rb1 Rfe8 19. Re3 Nd4 20. Qd1 Nxf3+
21. gxf3 Red8 22. Re2 Qc6 23. Qb3 b6 24. Rbe1 Qd7 25. c5+ Qf7 26. Qc2 Re8 27.
Re4 Rxe4 28. fxe4 Re8 29. c6 Qe6 30. Bf4 Be5 31. Bg3 Bxg3 32. hxg3 Rd8 33. f3
Rd6 34. Rc1 Qh6 35. Qc4+ Kf8 36. Kg2 Rd2+ 0-1

[Event "XXXI Coppa d'Oro"]
[Site "Villa Guardia ITA"]
[Date "2013.11.03"]
[Round "5"]
[White "Ciochetta, Giovanni"]
[Black "Poletto, Daniele"]
[WhiteElo "1574"]
[BlackElo "1745"]
[Result "1/2-1/2"]
[PlyCount "82"]
[EventDate "2013.11.01"]

1. e4 c5 2. c4 Nc6 3. Nc3 g6 4. b3 Bg7 5. Bb2 e5 6. Nf3 Nge7 7. Be2 d6 8. O-O
O-O 9. d3 a6 10. a3 Rb8 11. Nd5 b5 12. Nxe7+ Qxe7 13. cxb5 axb5 14. Bc1 h6 15.
Bd2 Be6 16. a4 b4 17. Bc1 Na5 18. Nd2 f5 19. f3 f4 20. Nc4 Nc6 21. Bb2 h5 22.
Ra2 h4 23. h3 Rfd8 24. Qc2 Qg5 25. Kh1 Qg3 26. Bd1 Rb7 27. Qf2 Bxc4 28. dxc4
Na5 29. Qd2 g5 30. Qd5+ Kh7 31. Bc1 g4 32. hxg4 h3 33. Qd2 Kg6 34. gxh3 Qxh3+
35. Kg1 Bf6 36. Rf2 Bh4 37. Rh2 Qg3+ 38. Kf1 Rh7 39. Qd5 Qe1+ 40. Kg2 Qg3+ 41.
Kf1 Qe1+ 1/2-1/2

[Event "XXXI Coppa d'Oro"]
[Site "Villa Guardia ITA"]
[Date "2013.11.03"]
[Round "5"]
[White "Fantina, Carla"]
[Black "Marcantognini, Denis"]
[WhiteElo "1439"]
[BlackElo "1455"]
[Result "0-1"]
[PlyCount "132"]
[EventDate "2013.11.01"]

1. c4 c5 2. g3 Nc6 3. Bg2 g6 4. Nc3 Bg7 5. e3 d6 6. Nf3 Nf6 7. O-O O-O 8. h3
Rb8 9. d3 a6 10. a3 e6 11. Rb1 Re8 12. Kh2 Qc7 13. Bd2 b6 14. b4 Bb7 15. b5 Ne7
16. bxa6 Bxa6 17. Nb5 Qd7 18. a4 Bb7 19. Qc1 d5 20. Ne5 Qd8 21. Rd1 Nh5 22. f4
f6 23. Nf3 f5 24. Ng5 Nc6 25. cxd5 exd5 26. Nc3 Nb4 27. Be1 d4 28. Bxb7 Rxb7
29. exd4 Qxd4 30. Nf3 Qe3 31. Qxe3 Rxe3 32. Kg2 Bxc3 33. Bxc3 Nxd3 34. Rxd3
Rxd3 35. Be5 Ra3 36. g4 Ng7 37. Bd6 Rxa4 38. Bxc5 b5 39. Nd4 fxg4 40. hxg4 b4
41. Kf3 Kf7 42. f5 Kf6 43. fxg6 hxg6 44. Nb3 Ne6 45. Be3 Ra2 46. Ke4 Rg2 47.
Rf1+ Kg7 48. Kd5 Rxg4 49. Bd4+ Nxd4 50. Nxd4 Rd7+ 51. Kc4 Rgxd4+ 52. Kb3 g5 53.
Rc1 g4 54. Rc5 Kg6 55. Rc1 Kg5 56. Kb2 Rd3 57. Rc4 b3 58. Re4 g3 59. Re1 Kg4
60. Re8 Kf3 61. Rf8+ Kg2 62. Rf6 Rc7 63. Ka3 Rc2 64. Ka4 Ra2+ 65. Kb4 b2 66.
Rb6 b1=Q+ 0-1

[Event "XXXI Coppa d'Oro"]
[Site "Villa Guardia ITA"]
[Date "2013.11.03"]
[Round "5"]
[White "Gonella, Daniele"]
[Black "Raineri, Valerio"]
[WhiteElo "2142"]
[BlackElo "2109"]
[Result "1/2-1/2"]
[PlyCount "95"]
[EventDate "2013.11.01"]

1. e4 e5 2. Nf3 Nc6 3. Bb5 a6 4. Ba4 Nge7 5. O-O d6 6. c3 Bd7 7. d4 Ng6 8. Qe2
Be7 9. Rd1 O-O 10. Bxc6 bxc6 11. dxe5 dxe5 12. Nbd2 Be6 13. Nb3 Qe8 14. Be3 f5
15. Nc5 Bxc5 16. Bxc5 Rf6 17. exf5 Rxf5 18. Be3 Bd5 19. Ng5 h6 20. Qg4 Rxg5 21.
Bxg5 hxg5 22. Qxg5 Nf4 23. Re1 Bxg2 24. Qxf4 exf4 25. Rxe8+ Rxe8 26. Kxg2 Re2
27. Rb1 g5 28. Kf3 Rd2 29. Rg1 Rxb2 30. Rxg5+ Kf7 31. Rc5 Rxa2 32. Rxc6 Rc2 33.
Rxc7+ Kf6 34. Rc5 a5 35. h4 a4 36. Rc4 a3 37. Rxf4+ Kg6 38. Ra4 a2 39. Kg3
Rxc3+ 40. f3 Rc2 41. Ra5 Kh6 42. Kg4 Rg2+ 43. Kf5 Kh5 44. Ra4 Rg5+ 45. Ke6 Rg6+
46. Kd5 Rg5+ 47. Kc4 Rf5 48. Kd3 1/2-1/2

[Event "XXXI Coppa d'Oro"]
[Site "Villa Guardia ITA"]
[Date "2013.11.03"]
[Round "5"]
[White "Gonella, Graziano"]
[Black "Puppi, Simone"]
[WhiteElo "1169"]
[BlackElo "1556"]
[Result "0-1"]
[PlyCount "74"]
[EventDate "2013.11.01"]

1. e4 c5 2. Nf3 e6 3. d4 cxd4 4. Nxd4 Nf6 5. Bd3 d5 6. e5 Nfd7 7. f4 a6 8. O-O
Bc5 9. Be3 Nc6 10. c3 Qb6 11. b4 Bxd4 12. cxd4 Qxb4 13. Bc2 Nb6 14. a3 Qe7 15.
Rf3 Nc4 16. Bf2 f5 17. exf6 Qxf6 18. Nc3 O-O 19. g3 b5 20. Ne2 Bd7 21. Qd3 Qh6
22. g4 g6 23. Rh3 Qg7 24. Qg3 Rf7 25. Rf1 Raf8 26. Be1 Nxd4 27. Nxd4 Qxd4+ 28.
Bf2 Qxf4 29. Qg2 Nd2 30. Rxh7 Rxh7 31. Bxg6 Nf3+ 32. Qxf3 Qxf3 33. Bxh7+ Kxh7
34. g5 e5 35. g6+ Kxg6 36. h4 Qh3 37. h5+ Kxh5 0-1

[Event "XXXI Coppa d'Oro"]
[Site "Villa Guardia ITA"]
[Date "2013.11.03"]
[Round "5"]
[White "Lipari, Alberto"]
[Black "Ghelfi, Giancarlo"]
[WhiteElo "1531"]
[BlackElo "1618"]
[Result "1-0"]
[PlyCount "81"]
[EventDate "2013.11.01"]

1. c4 Nf6 2. d4 g6 3. Nc3 Bg7 4. e4 d6 5. Nf3 O-O 6. Be2 Nbd7 7. O-O e5 8. d5
Nc5 9. Bg5 h6 10. Bxf6 Bxf6 11. b4 Nd7 12. Qd2 Bg7 13. h3 f5 14. exf5 gxf5 15.
Nh2 Qf6 16. Nb5 Qd8 17. Rad1 a6 18. Nc3 Qf6 19. Bh5 e4 20. Ne2 Qh4 21. Nf4 Nf6
22. Be2 Bd7 23. Ng6 Qg5 24. Qxg5 hxg5 25. Nxf8 Rxf8 26. Rfe1 Nh7 27. Rc1 Ba4
28. c5 Bb2 29. Rc4 Nf6 30. cxd6 Nxd5 31. dxc7 Rc8 32. Rc5 Bc6 33. Bc4 b6 34.
Bxd5+ Bxd5 35. Rxd5 Rxc7 36. Rxf5 Rg7 37. Rxe4 Kh7 38. Nf3 Bc1 39. h4 g4 40.
Ng5+ Kh6 41. Rxg4 1-0

[Event "XXXI Coppa d'Oro"]
[Site "Villa Guardia ITA"]
[Date "2013.11.03"]
[Round "5"]
[White "Loukili, Ibrahim"]
[Black "Ambrosoli, Nadia Manuela"]
[WhiteElo "1455"]
[BlackElo "1414"]
[Result "0-1"]
[PlyCount "47"]
[EventDate "2013.11.01"]

1. e4 e5 2. Nf3 Nc6 3. Bb5 a6 4. Ba4 Nf6 5. d3 Be7 6. c3 O-O 7. Nbd2 b5 8. Bb3
d5 9. h3 h6 10. Nf1 dxe4 11. dxe4 Qxd1+ 12. Bxd1 Nxe4 13. Be2 Nd6 14. Ng3 Be6
15. O-O f5 16. Nh2 Rad8 17. f4 e4 18. Be3 Nc4 19. Bc1 Bc5+ 20. Kh1 Nd2 21. Rf2
Bxf2 22. Bxd2 Rxd2 23. Bd1 Bxg3 24. Nf1 0-1

[Event "XXXI Coppa d'Oro"]
[Site "Villa Guardia ITA"]
[Date "2013.11.03"]
[Round "5"]
[White "Mason, Giovanni"]
[Black "Rossi, Giampiero"]
[WhiteElo "1580"]
[BlackElo "1905"]
[Result "0-1"]
[PlyCount "42"]
[EventDate "2013.11.01"]

1. e4 c5 2. Nf3 e6 3. d4 cxd4 4. Nxd4 a6 5. a3 Qc7 6. Bd3 Nf6 7. Be3 d6 8. Nc3
Bd7 9. Qe2 Nc6 10. Nf3 Be7 11. h3 O-O 12. O-O Rac8 13. Rac1 Ne5 14. Nxe5 dxe5
15. Nb1 h6 16. Nd2 Bc5 17. c4 Bxe3 18. Qxe3 Be8 19. h4 Rd8 20. Rc3 a5 21. Rfc1
a4 0-1

[Event "XXXI Coppa d'Oro"]
[Site "Villa Guardia ITA"]
[Date "2013.11.03"]
[Round "5"]
[White "Paniga, Danilo"]
[Black "Ronconi, Fausto"]
[WhiteElo "1820"]
[BlackElo "1678"]
[Result "1-0"]
[PlyCount "49"]
[EventDate "2013.11.01"]

1. d4 d5 2. Nf3 e6 3. e3 Nf6 4. Nbd2 c5 5. c3 Bd7 6. Bd3 Nc6 7. O-O c4 8. Bc2
Bd6 9. e4 dxe4 10. Nxe4 Nxe4 11. Bxe4 Qc7 12. Qe2 Ne7 13. Re1 Bc6 14. Qxc4 Nd5
15. Qe2 O-O-O 16. c4 Nf4 17. Qc2 f5 18. Bxc6 Qxc6 19. d5 Nxd5 20. Rxe6 Rhe8 21.
Rxe8 Rxe8 22. Qxf5+ Kb8 23. Qxd5 Qb6 24. Be3 Qd8 25. Rd1 1-0

[Event "XXXI Coppa d'Oro"]
[Site "Villa Guardia ITA"]
[Date "2013.11.03"]
[Round "5"]
[White "Piccapietra, Matteo"]
[Black "Corti, Filippo"]
[WhiteElo "1422"]
[BlackElo "1607"]
[Result "0-1"]
[PlyCount "84"]
[EventDate "2013.11.01"]

1. e4 c6 2. d4 d5 3. Nc3 dxe4 4. Nxe4 Bf5 5. Bd3 Bxe4 6. Bxe4 Nf6 7. f3 e6 8.
Ne2 Nxe4 9. fxe4 Nd7 10. O-O Be7 11. e5 Qb6 12. Kh1 O-O 13. c3 Rad8 14. b3 Nxe5
15. Qc2 Ng6 16. Nf4 Nxf4 17. Bxf4 Bf6 18. Rf3 Rd5 19. Rh3 g6 20. Qf2 Qd8 21.
Bh6 Bg7 22. Bxg7 Kxg7 23. g4 f5 24. Qf4 g5 25. Qe3 Qf6 26. Rf1 f4 27. Qe4 Qg6
28. Qxg6+ Kxg6 29. Re1 Re8 30. Re4 e5 31. Rd3 Red8 32. Kg2 exd4 33. Rdxd4 Rxd4
34. Rxd4 Rxd4 35. cxd4 Kf6 36. Kf3 Ke6 37. Ke4 Kd6 38. Kd3 Kd5 39. Ke2 Kxd4 40.
Kf3 Kd3 41. Kf2 c5 42. Kf3 b5 0-1

[Event "XXXI Coppa d'Oro"]
[Site "Villa Guardia ITA"]
[Date "2013.11.03"]
[Round "5"]
[White "Primerano, Carlo"]
[Black "Carbone, Lorenzo"]
[WhiteElo "1718"]
[BlackElo "1541"]
[Result "1/2-1/2"]
[PlyCount "230"]
[EventDate "2013.11.01"]

1. d4 d5 2. c4 e6 3. Nc3 Nf6 4. cxd5 exd5 5. Bg5 Be7 6. e3 O-O 7. Bd3 h6 8. Bh4
b6 9. Nge2 Bb7 10. O-O Nbd7 11. Rc1 Rc8 12. f3 c5 13. Bf2 cxd4 14. exd4 Bd6 15.
Bg3 Be7 16. Qd2 Nh5 17. Nb5 Nxg3 18. Nxg3 a6 19. Rxc8 Bxc8 20. Nc3 Nf6 21. Nce2
a5 22. a3 Re8 23. Rc1 Bd7 24. Qc2 Qb8 25. Qc7 Bd6 26. Qxb8 Bxb8 27. Kf2 Rc8 28.
Nc3 b5 29. Nf5 Kf8 30. Re1 b4 31. axb4 axb4 32. Ne2 Re8 33. g3 g6 34. Ne3 Bd6
35. Ra1 Be6 36. Ra6 Rd8 37. Nc1 Bc8 38. Rb6 Kg7 39. Na2 Be6 40. Nxb4 Bc7 41.
Ra6 Rb8 42. Nec2 Ne8 43. Ra2 Nd6 44. Nc6 Rb6 45. Ne5 Bf5 46. Bxf5 Nxf5 47. Nd7
Rb7 48. Nc5 Rb6 49. b4 Nd6 50. Ra7 Bb8 51. Rd7 Kf6 52. Rd8 Ke7 53. Rd7+ Ke8 54.
Ke2 Rc6 55. Kd3 Rxc5 56. bxc5 Kxd7 57. cxd6 Kxd6 58. g4 Bc7 59. h3 Ba5 60. Ne3
f6 61. Ng2 g5 62. Ne3 Be1 63. Nf5+ Ke6 64. Nxh6 Bg3 65. Nf5 Be1 66. Ke2 Bc3 67.
Kd3 Be1 68. Ke3 Bc3 69. h4 gxh4 70. Nxh4 Be1 71. Nf5 Bc3 72. Kf2 Bd2 73. Kg3
Be1+ 74. Kg2 Bc3 75. Kf1 Bd2 76. Ke2 Bc1 77. Kd3 Kf7 78. Kc2 Bf4 79. Kb3 Bd2
80. Ka4 Kg6 81. Ne7+ Kg5 82. Nxd5 f5 83. gxf5 Kxf5 84. Kb5 Bg5 85. Kc4 Ke6 86.
Nc7+ Kd6 87. Nd5 Bd8 88. f4 Ke6 89. Ne3 Bc7 90. f5+ Kf7 91. Nd5 Bd6 92. Kb5 Bf8
93. Kc4 Bg7 94. Kd3 Bh6 95. Ke4 Bf8 96. Nc7 Bd6 97. Nb5 Bg3 98. d5 Bh4 99. Na7
Ke7 100. Nc6+ Kd6 101. Nd4 Bf6 102. Ne2 Kc5 103. Nf4 Kd6 104. Nh5 Bg5 105. f6
Bh4 106. Kd4 Bf2+ 107. Ke4 Bh4 108. f7 Ke7 109. Kf5 Kxf7 110. Nf4 Bd8 111. Ne6
Ba5 112. d6 Bb4 113. d7 Ba5 114. Nc5 Ke7 115. Ke5 Bb6 1/2-1/2